| 000 | 01200namaa2200301 cb4500 | ||
|---|---|---|---|
| 001 | BV005305351 | ||
| 003 | DE-70 | ||
| 005 | 20251205112530.0 | ||
| 006 | m|||| o||u| |||||| | ||
| 007 | tu | ||
| 007 | 7 | ||
| 008 | 920527s1980 a||| |||| 00||| und d | ||
| 020 |
_a9783839468500 _9978-3-8394-6850-0 |
||
| 024 |
_a9783839468500 _a978-3-8394-6850-0 |
||
| 040 | _cRU-10907106 | ||
| 041 | _ager | ||
| 100 |
_aNeumann, Andreas (Hrsg.); Marzell, Pia (Hrsg.); Oelmayer, Lisa-Marie (Hrsg.); Breidenbach, Katharina (Hrsg.); Meinhardt, Silke (Hrsg.); Möhring, Maren (Hrsg.) _4aut _967801 |
||
| 245 |
_aGeschlechtergeschichte bleibt?! _bHerausforderungen und Perspektivenhistorischer Geschlechterforschung _cAndreas Neumann , Pia Marzell , Lisa-Marie Oelmayer , Katharina Breidenbach , Silke Meinhardt und Maren Möhring |
||
| 264 |
_aBielefeld _btranscript _c2025 |
||
| 300 | _a384 Seiten | ||
| 336 |
_2rdacontent _aText _btxt |
||
| 337 |
_2rdamedia _aComputermedien _bbc |
||
| 338 |
_2rdacarrier _aOnline Ressource _bcr |
||
| 490 | _aHistorische Geschlechterforschung | ||
| 500 | _aE-Book / Zugriff nur im Lesesaal | ||
| 856 |
_zVolltext _uhttps://www.degruyter.com/isbn/9783839468500 |
||
| 942 |
_cEB _2z |
||
| 999 |
_c73294 _d73294 |
||